[Event "Caioba op 7th"]
[Site "Caioba"]
[Date "2023.06.21"]
[Round "5"]
[White "Ticona Rocabado, Licael Roderick"]
[Black "Aranha Filho, Alvaro Zimmermann"]
[Result "1-0"]
[WhiteElo "2285"]
[BlackElo "2137"]
[PlyCount "103"]
[EventDate "2023.06.18"]
[EventType "swiss"]
[EventRounds "9"]
[EventCountry "BRA"]
[SourceTitle "CBM 214 Extra"]
[Source "ChessBase"]
[SourceDate "2023.07.31"]
[SourceVersion "1"]
[SourceVersionDate "2023.07.31"]
[SourceQuality "1"]

1. d4 Nf6 2. c4 e6 3. Nf3 d5 4. e3 a6 5. Nc3 Nbd7 6. b3 b6 7. Bd3 Bb7 8. 0-0 Bd6 9. Qe2 Ne4 10. Bb2 0-0 11. Nd2 f5 12. f3 Bxh2+ 13. Kxh2 Qh4+ 14. Kg1 Ng3 15. Qe1 Nf6 16. Ne2 Nfh5 17. Nxg3 Nxg3 18. f4 dxc4 19. Nf3 Qh1+ 20. Kf2 Nxf1 21. Bxf1 cxb3 22. axb3 Bd5 23. Qc3 Qh5 24. Be2 b5 25. Ba3 Rf7 26. Bb4 c6 27. Bd6 h6 28. Rg1 a5 29. Ne5 Qh4+ 30. Kf1 b4 31. Qa1 Rb7 32. Qa4 Kh7 33. Bc5 g5 34. Nf3 Qg3 35. fxg5 hxg5 36. Rh1+ Kg7 37. Rh3 Qg4 38. Bd6 Qe4 39. Rh7+ Kxh7 40. Nxg5+ Kg6 41. Nxe4 Bxe4 42. Bf3 Bd3+ 43. Kf2 Bb5 44. Qa1 a4 45. Bxb4 a3 46. Bc3 a2 47. Qc1 Rba7 48. Ba1 Rh7 49. d5 cxd5 50. Qb2 Rf7 51. Qe5 Re8 52. Qg3+ 1-0

[Event "Pocos de Caldas op"]
[Site "Pocos de Caldas"]
[Date "2023.03.17"]
[Round "1"]
[White "Aranha Filho, Alvaro Zimmermann"]
[Black "Cezar, Ricardo de Almeida"]
[Result "1/2-1/2"]
[WhiteElo "2138"]
[BlackElo "1765"]
[PlyCount "76"]
[EventDate "2023.03.17"]
[EventType "swiss"]
[EventRounds "6"]
[EventCountry "BRA"]
[SourceTitle "EXT 2024"]
[Source "ChessBase"]
[SourceDate "2023.10.10"]
[SourceVersion "1"]
[SourceVersionDate "2023.10.10"]
[SourceQuality "1"]

1. c4 c6 2. e4 d5 3. exd5 cxd5 4. d4 Nf6 5. Nc3 e6 6. Nf3 Bb4 7. Bd2 0-0 8. cxd5 Nxd5 9. Bd3 Nc6 10. 0-0 Be7 11. a3 Bf6 12. Be3 g6 13. Ne4 Bg7 14. Qd2 Nxe3 15. fxe3 e5 16. dxe5 Nxe5 17. Nxe5 Bxe5 18. Qe2 Qe7 19. Nf2 Be6 20. Be4 Rac8 21. Rac1 h5 22. Qb5 Rxc1 23. Rxc1 Bc8 24. Rc5 Re8 25. b4 b6 26. Rc2 Bb8 27. g3 Rd8 28. Kg2 h4 29. Bf3 Qxe3 30. Re2 Qd4 31. Re4 Qd2 32. Rxh4 Qb2 33. Re4 Be6 34. Re2 Qd4 35. Qg5 Bf5 36. Ne4 Bxe4 37. Rxe4 Qd2+ 38. Qxd2 Rxd2+ 1/2-1/2

[Event "Rio de Janeiro Duchamp op 4th"]
[Site "Rio de Janeiro"]
[Date "2022.12.09"]
[Round "3"]
[White "Aranha Filho, Alvaro Zimmermann"]
[Black "Lima, Darcy Gustavo Macha"]
[Result "0-1"]
[WhiteElo "2196"]
[BlackElo "2424"]
[PlyCount "78"]
[EventDate "2022.12.07"]
[EventType "swiss"]
[EventRounds "9"]
[EventCountry "BRA"]
[SourceTitle "CBM 211 Extra"]
[Source "ChessBase"]
[SourceDate "2023.01.31"]
[SourceVersion "1"]
[SourceVersionDate "2023.01.31"]
[SourceQuality "1"]

1. Nf3 Nf6 2. c4 e6 3. g3 d5 4. d4 dxc4 5. Bg2 Nbd7 6. Qa4 a6 7. Nc3 Rb8 8. Qxc4 b5 9. Qd3 Bb7 10. 0-0 c5 11. Bf4 Rc8 12. dxc5 Bxc5 13. Ne5 Bxg2 14. Kxg2 Nxe5 15. Qxd8+ Kxd8 16. Bxe5 Ke7 17. Rac1 Bd6 18. Bxd6+ Kxd6 19. Kf3 Ke5 20. e3 g5 21. h3 h5 22. Ke2 g4 23. h4 Rc4 24. Nb1 Rhc8 25. Rxc4 Rxc4 26. Kd3 Ne4 27. Nc3 Nxc3 28. bxc3 Ra4 29. f4+ gxf3 30. Rxf3 f5 31. Rf2 Ra3 32. Rb2 Kd5 33. Rd2 Kc5 34. e4 fxe4+ 35. Kxe4 Rxc3 36. Kf4 e5+ 37. Ke4 Rxg3 38. Rd5+ Kc4 39. Rxe5 Rg4+ 0-1